000
00281nam a22001337a 4500
008
170726b xxu||||| |||| 00| 0 eng d
020
_a
9780138907570
041
_a
eng
080
_a
004
100
_a
30
101
_a
SHK
245
_a
DATA WAREHOUSE
_c
MEYER,D
942
_2
udc
_c
BK
999
_c
21938
_d
21938